LEADER 01128nam--2200409---450- 001 990000708670203316 005 20050405154041.0 035 $a0070867 035 $aUSA010070867 035 $a(ALEPH)000070867USA01 035 $a0070867 100 $a20011029d1962----km-y0itay0103----ba 101 $aita 102 $aIT 105 $a||||||||001yy 200 1 $apericle$ftraduzione dal francese di Luigi Emery 210 $aMilano$cE. Dall'Oglio$d1962 215 $a354 p.$c20 tav.$d21 cm 225 2 $aCollana di storia 312 $aPericles 410 $12001$aCollana di storia 454 1$12001$aPericles$936473 606 0 $aPericle 676 $a968 700 1$aHOMO,$bLeon$0394032 702 1$aEMERY,$bLuigi 801 0$aIT$bsalbc$gISBD 912 $a990000708670203316 951 $aIX.3. 64(III D COLL 69/2)$b142559 LM$cIII D COLL 959 $aBK 969 $aUMA 979 $aPATTY$b90$c20011029$lUSA01$h1324 979 $c20020403$lUSA01$h1719 979 $aPATRY$b90$c20040406$lUSA01$h1649 979 $aCOPAT5$b90$c20050405$lUSA01$h1540 996 $aPericles$936473 997 $aUNISA LEADER 02918nam 2200565 450 001 9910787041703321 005 20230803205111.0 010 $a0-19-935796-X 010 $a0-19-935795-1 035 $a(CKB)3710000000238154 035 $a(EBL)1784101 035 $a(OCoLC)890981589 035 $a(SSID)ssj0001332605 035 $a(PQKBManifestationID)12575593 035 $a(PQKBTitleCode)TC0001332605 035 $a(PQKBWorkID)11376796 035 $a(PQKB)11762668 035 $a(MiAaPQ)EBC1784101 035 $a(Au-PeEL)EBL1784101 035 $a(CaPaEBR)ebr10929653 035 $a(CaONFJC)MIL643717 035 $a(EXLCZ)993710000000238154 100 $a20140920h20142014 uy 0 101 0 $aeng 135 $aur|n|---||||| 181 $ctxt 182 $cc 183 $acr 200 10$aClausewitz $ehis life and work /$fDonald Stoker 210 1$aOxford, [England] ;$aNew York, New York :$cOxford University Press,$d2014. 210 4$dİ2014 215 $a1 online resource (283 p.) 300 $aDescription based upon print version of record. 311 $a1-322-12466-3 311 $a0-19-935794-3 320 $aIncludes bibliographical references and index. 327 $aTitle Page; Copyright Page; Dedication; Contents; List of Illustrations; Acknowledgments; Abbreviations Used in the Notes; Author's Note; Introduction: The Point of It All; 1. Boy Soldier (1780-1795); 2. The Ambitious Student of War (1795-1805); 3. Clausewitz at War: The 1806 Campaign; 4. A Political Education (1807-1812); 5. War and Words: The Campaign of 1812; 6. The Road to Tauroggen (1812); 7. 1813: War, Uprising, and Armistice; 8. 1813: Leipzig, Go?hrde, and the Stecknitz; 9. Clausewitz and the Fall of Napoleon (1813-1814); 10. 1815: The Waterloo Campaign 327 $a11. The Sum of It All (1815-1831)Conclusion: Clausewitz's Legacy; Appendix: Clausewitz's Battles; Notes; Select Bibliography; Index 330 $aCarl von Clausewitz's masterwork, On War, is generally considered the greatest text on military theory ever written. Clausewitz is a touchstone for the field today, and is read by scholars, students, and military personnel around the world. And yet to Clausewitz himself, far more important than achieving recognition for his scholarly and theoretical contributions was achieving glory on the field of battle-winning renown not with his pen but with his sword. Military historian Donald Stoker's perceptive biography of Carl von Clausewitz moves skillfully between Clausewitz's career as a soldier an 606 $aNapoleonic Wars, 1800-1815$xCampaigns$zRussia$vBiography 615 0$aNapoleonic Wars, 1800-1815$xCampaigns 676 $a355.02092 700 $aStoker$b Donald J.$0475880 801 0$bMiAaPQ 801 1$bMiAaPQ 801 2$bMiAaPQ 906 $aBOOK 912 $a9910787041703321 996 $aClausewitz$93707199 997 $aUNINA